Evaluación preliminar del acueducto de San Isidro de Heredia
Guardado en:
| Hovedforfatter: | |
|---|---|
| Format: | Bog |
| Udgivet: |
San José, Costa Rica
1991
|
| Fag: | |
| Tags: |
Tilføj Tag
Ingen Tags, Vær først til at tagge denne postø!
|
MARC
| LEADER | 00000nam a2200000Ia 4500 | ||
|---|---|---|---|
| 003 | 005065 | ||
| 005 | 20221231144330.0 | ||
| 008 | 140114s1991 cr a m 000 ||s d | ||
| 040 | |c cru CEDI | ||
| 090 | |a TFG 2401 | ||
| 100 | |a Sauma Solano, Laura |9 12870 | ||
| 245 | |a Evaluación preliminar del acueducto de San Isidro de Heredia | ||
| 260 | |c 1991 |a San José, Costa Rica | ||
| 300 | |a ix, 126 hojas : ilustraciones ; 28 cm. | ||
| 500 | |a Proyecto de graduación (licenciatura en ingeniería civil)--Universidad de Costa Rica. Facultad de Ingeniería. Escuela de Ingeniería Civil | ||
| 650 | |x ACUEDUCTO DE SAN ISIDRO DE HEREDIA (COSTA RICA) |x SUMINISTRO DE AGUA - SAN ISIDRO (HEREDIA, COSTA RICA) |9 12872 | ||
| 942 | |c TFG |2 ddc | ||
| 999 | |c 20284 |d 20284 | ||
